The price you pay : (Запис № 539025)

МАРК-запис
000 -LEADER
fixed length control field 01481cam a2200349 a 4500
001 - CONTROL NUMBER
control field priceyoupaynovel00summ
003 - CONTROL NUMBER IDENTIFIER
control field CaSfIA
005 - DATE AND TIME OF LATEST TRANSACTION
control field 20210118211959.0
007 - PHYSICAL DESCRIPTION FIXED FIELD--GENERAL INFORMATION
fixed length control field cr||||
008 - FIXED-LENGTH DATA ELEMENTS--GENERAL INFORMATION
fixed length control field 930915s1993 nyu 000 0 eng
010 ## - LIBRARY OF CONGRESS CONTROL NUMBER
LC control number 93036960
040 ## - CATALOGING SOURCE
Original cataloging agency DLC
Transcribing agency DLC
Modifying agency BTCTA
-- YDXCP
-- BAKER
-- OCLCG
-- CNVPL
-- CaSfIA
020 ## - INTERNATIONAL STANDARD BOOK NUMBER
International Standard Book Number 1567430473 :
Terms of availability $19.95
020 ## - INTERNATIONAL STANDARD BOOK NUMBER
International Standard Book Number 9781567430479
035 ## - SYSTEM CONTROL NUMBER
System control number (OCoLC)28964276
050 00 - LIBRARY OF CONGRESS CALL NUMBER
Classification number PS3569.U388
Item number P75 1993
082 00 - DEWEY DECIMAL CLASSIFICATION NUMBER
Classification number 813/.54
Edition number 20
029 1# - (OCLC)
OCLC library identifier YDXCP
System control number 1204672
029 1# - (OCLC)
OCLC library identifier AU@
System control number 000010580730
100 1# - MAIN ENTRY--PERSONAL NAME
Personal name Summers, Barbara,
Dates associated with a name 1944-
245 14 - TITLE STATEMENT
Title The price you pay :
Medium [electronic resource]
Remainder of title a novel /
Statement of responsibility, etc by Barbara Summers.
250 ## - EDITION STATEMENT
Edition statement 1st ed.
260 ## - PUBLICATION, DISTRIBUTION, ETC. (IMPRINT)
Place of publication, distribution, etc New York :
Name of publisher, distributor, etc Amistad,
Date of publication, distribution, etc c1993.
300 ## - PHYSICAL DESCRIPTION
Extent 296 p. ;
Dimensions 23 cm.
506 ## - RESTRICTIONS ON ACCESS NOTE
Standardized terminology for access restriction Необхідна авторизація на https://archive.org/ (створення облікового запису безкоштовно)
506 ## - RESTRICTIONS ON ACCESS NOTE
Standardized terminology for access restriction Необхідна авторизація на https://openlibrary.org/ (створення облікового запису безкоштовно)
650 #0 - SUBJECT ADDED ENTRY--TOPICAL TERM
Topical term or geographic name as entry element Models (Persons)
Form subdivision Fiction.
856 42 - ELECTRONIC LOCATION AND ACCESS
Materials specified Publisher description
Uniform Resource Identifier <a href="http://www.loc.gov/catdir/description/hc043/93036960.html">http://www.loc.gov/catdir/description/hc043/93036960.html</a>
856 41 - ELECTRONIC LOCATION AND ACCESS
Uniform Resource Identifier <a href="http://www.archive.org/details/priceyoupaynovel00summ">http://www.archive.org/details/priceyoupaynovel00summ</a>
Public note Free eBook from the Internet Archive
856 42 - ELECTRONIC LOCATION AND ACCESS
Uniform Resource Identifier <a href="http://www.openlibrary.org/books/OL1425918M">http://www.openlibrary.org/books/OL1425918M</a>
Public note Additional information and access via Open Library
942 ## - ADDED ENTRY ELEMENTS (KOHA)
Koha item type ЕКнига

Немає доступних примірників.